[Event "Superettan(Alingsas-Rockaden,Umea)"]
[Site "?"]
[Date "2019.10.18"]
[Round "1"]
[White "Lindgren, Fredrik"]
[Black "Andreasson, Ingvar"]
[Result "1/2-1/2"]
[WhiteElo "2262"]
[BlackElo "2329"]
[PlyCount "184"]
[EventDate "2019.??.??"]
1. e4 g6 2. Nf3 Bg7 3. d3 c5 4. g3 Nc6 5. Bg2 e6 6. O-O Nge7 7. c3 O-O 8. Re1
d6 9. a4 a6 10. Nbd2 Rb8 11. Nf1 e5 12. Be3 b5 13. axb5 Rxb5 14. Qd2 Na5 15.
Ra3 Nec6 16. Bh6 Bxh6 17. Qxh6 f6 18. Qd2 Rf7 19. Ne3 Rfb7 20. Rb1 Kg7 21. Bf1
Rb8 22. Qc2 Rb3 23. Rxb3 Nxb3 24. Nd2 Nxd2 25. Qxd2 Be6 26. Be2 Na5 27. Ng4 Nb3
28. Qh6+ Kg8 29. h4 Qf8 30. Qe3 h5 31. Nh2 Kh7 32. f4 Qh6 33. Rf1 a5 34. Bd1 a4
35. Rf2 Rb7 36. Qf3 c4 37. f5 Bf7 38. dxc4 Nd2 39. Qd3 Nxc4 40. Bxa4 Rxb2 41.
fxg6+ Kxg6 42. Be8 Bxe8 43. Qxc4 Bf7 44. Qd3 Qc1+ 45. Nf1 Rxf2 46. Kxf2 Qb2+
47. Nd2 Qb6+ 48. Kg2 Qc6 49. Kh2 Be6 50. Nf1 Bc4 51. Qf3 Bxf1 52. Qf5+ Kg7 53.
Qxf1 Qxe4 54. Qd1 Kg6 55. Qxd6 Qc2+ 56. Kh3 Qxc3 57. Qd5 Qc8+ 58. Kh2 Qe8 59.
Qe4+ f5 60. Qe3 Qe7 61. Qb3 Qf7 62. Qe3 Qf6 63. Qb3 f4 64. Qd3+ Kh6 65. Qd2 Qe7
66. Kg2 Qe6 67. Kh2 Qf6 68. Qc1 Qd6 69. gxf4 exf4 70. Kg2 Qd5+ 71. Kf2 Qe4 72.
Qd2 Kg6 73. Qd6+ Kf5 74. Qd7+ Qe6 75. Qd3+ Kf6 76. Qd4+ Qe5 77. Qd8+ Kg6 78.
Qg8+ Kf5 79. Qg5+ Ke4 80. Qg6+ Kd5 81. Qf7+ Kc5 82. Qa7+ Kd5 83. Qf7+ Kd6 84.
Qf8+ Ke6 85. Qe8+ Kd5 86. Qf7+ Ke4 87. Qg6+ Qf5 88. Qc6+ Ke5 89. Qc5+ Ke6 90.
Qc8+ Ke5 91. Qc5+ Ke6 92. Qc8+ Ke5 1/2-1/2

[Event "Superettan(Vasteras II-Orgryte)"]
[Site "?"]
[Date "2019.10.18"]
[Round "1"]
[White "Kretz, Johan"]
[Black "Pham, Bich Ngoc"]
[Result "0-1"]
[WhiteElo "2215"]
[BlackElo "2244"]
[PlyCount "66"]
1. d4 g6 2. e4 Bg7 3. c4 d6 4. Nc3 Nc6 5. Nf3 e5 6. d5 Nce7 7. Be2 f5 8. exf5
Bxf5 9. Ng5 Nf6 10. f4 exf4 11. Bxf4 O-O 12. O-O Qc8 13. c5 h6 14. cxd6 cxd6
15. Bxd6 Qd7 16. Bxe7 Qxe7 17. Rxf5 gxf5 18. Ne6 Rf7 19. Bc4 Ne8 20. Qh5 Nd6
21. Bb3 Rc8 22. Ne2 Bxb2 23. Rb1 Qf6 24. Rf1 Kh7 25. h4 Rg8 26. N2f4 Bd4+ 27.
Kh2 Be5 28. Bc2 Ne4 29. g4 Rxg4 30. Ng5+ Kg7 31. Nxf7 Bxf4+ 32. Kh3 Qd4 33.
Rxf4 Qe3+ 0-1

[Event "Superettan(Alingsas-Rockaden,Umea)"]
[Site "?"]
[Date "2019.10.18"]
[Round "1"]
[White "Agrest, Inna"]
[Black "Nygren, David"]
[Result "0-1"]
[WhiteElo "2320"]
[BlackElo "2278"]
[PlyCount "84"]
1. e4 e6 2. d4 d5 3. Nc3 Bb4 4. a3 Bxc3+ 5. bxc3 dxe4 6. Qg4 Nf6 7. Qxg7 Rg8 8.
Qh6 Rg6 9. Qd2 b6 10. Bb2 Bb7 11. O-O-O Qd6 12. c4 Nbd7 13. Ne2 Ng4 14. Nc3 a6
15. h3 Nh2 16. Be2 Rxg2 17. Qe3 f5 18. Bh5+ Kd8 19. Ne2 Nf6 20. Nf4 Nxh5 21.
Nxg2 f4 22. Qc3 Nf3 23. d5 e5 24. Ne1 Nd4 25. Qb4 c5 26. Qd2 Qg6 27. Kb1 Kd7
28. Rh2 f3 29. Rh1 Rf8 30. Ka2 Nf4 31. Rb1 a5 32. Bc3 Ba6 33. Bxa5 Bxc4+ 34.
Ka1 b5 35. Bc3 Rb8 36. Bb2 Nfe2 37. h4 Qa6 38. Rd1 Qa4 39. h5 Bxd5 40. Qg5 Qc4
41. Qg7+ Kc6 42. Qf6+ Be6 0-1

[Event "Superettan(Vasteras II-Orgryte)"]
[Site "?"]
[Date "2019.10.18"]
[Round "1"]
[White "Arnelind, Mikael"]
[Black "Carlsson, Ludvig"]
[Result "1-0"]
[WhiteElo "2204"]
[BlackElo "2066"]
[PlyCount "187"]
1. d4 Nf6 2. c4 g6 3. Nc3 Bg7 4. e4 d6 5. h3 O-O 6. Be3 e5 7. d5 Na6 8. g4 Nc5
9. Bg2 a5 10. Nge2 Ne8 11. Ng3 Bf6 12. Qd2 Bh4 13. O-O-O Bd7 14. Kb1 a4 15.
Nge2 Ra5 16. Nb5 Ra6 17. Nec3 Bxb5 18. cxb5 Ra5 19. Bf1 Nf6 20. Bc4 Nfd7 21.
Rdg1 Kh8 22. Rg2 b6 23. Rhg1 g5 24. Qe2 Rg8 25. Bd2 Rg6 26. Nd1 Ra8 27. f3 Rf6
28. Ne3 Rh6 29. Nf5 Qf6 30. Qd1 Rg8 31. Qc1 Rhg6 32. Be3 h6 33. Rf1 Kh7 34.
Nxh4 gxh4 35. Rgf2 Qg7 36. Qc2 Rf6 37. Rg2 Rf4 38. Bxf4 exf4 39. e5+ Qg6 40.
Qxg6+ Kxg6 41. exd6 cxd6 42. Re2 Ne5 43. Rc2 Re8 44. Be2 Ned7 45. Bd1 Kf6 46.
Rc4 Kg5 47. Bxa4 Re5 48. Bc2 Re3 49. Bd1 Ne5 50. Rc3 Rxc3 51. bxc3 Nc4 52. Rf2
Kf6 53. Bc2 Ne3 54. Rd2 Ke5 55. Bb3 Nb7 56. Rd4 Nc5 57. Kb2 f5 58. gxf5 Nxf5
59. Rd1 Kf6 60. Rg1 Ng3 61. Bc2 Nd7 62. a4 Ke5 63. Bb3 Nc5 64. Re1+ Kf6 65. Bc2
Kf7 66. c4 Nh5 67. Kc3 Nf6 68. Kb4 Nfd7 69. Be4 Ne5 70. Rg1 Nb7 71. Rg2 Na5 72.
Rc2 Nb7 73. Rc3 Kf6 74. Bh7 Kg7 75. Bf5 Kf6 76. Bc8 Na5 77. Bg4 Nxg4 78. fxg4
Ke5 79. Rc1 Kd4 80. Rd1+ Ke3 81. c5 dxc5+ 82. Kc3 f3 83. d6 f2 84. d7 Nb7 85.
d8=Q Nxd8 86. Rxd8 f1=Q 87. Re8+ Kf3 88. Rf8+ Kg2 89. Rxf1 Kxf1 90. a5 bxa5 91.
b6 Kg2 92. b7 Kxh3 93. b8=Q Kxg4 94. Qh2 1-0

[Event "Superettan(Alingsas-Rockaden,Umea)"]
[Site "?"]
[Date "2019.10.18"]
[Round "1"]
[White "Krantz, Christopher"]
[Black "Sorensen, Hampus"]
[Result "0-1"]
[WhiteElo "2217"]
[BlackElo "2319"]
[PlyCount "46"]
1. e4 e5 2. Nf3 Nc6 3. Nc3 Nf6 4. d4 exd4 5. Nxd4 Bc5 6. Be3 Bb6 7. f3 O-O 8.
Qd2 d5 9. Nxc6 bxc6 10. O-O-O Be6 11. exd5 Nxd5 12. Bd4 Qe7 13. Na4 Rfd8 14.
Nxb6 axb6 15. a3 c5 16. Bf2 Nb4 17. Qe1 Qg5+ 18. f4 Qxf4+ 19. Rd2 Rxd2 20. Qxd2
Rd8 21. Bd3 Na2+ 22. Kd1 Bg4+ 23. Ke1 Re8+ 0-1

[Event "Superettan(Vasteras II-Orgryte)"]
[Site "?"]
[Date "2019.10.18"]
[Round "1"]
[White "Adahl, Mattias"]
[Black "Troberg Eskola, Love"]
[Result "1-0"]
[WhiteElo "2075"]
[BlackElo "2143"]
[PlyCount "67"]
1. d4 d5 2. c4 dxc4 3. e4 e5 4. d5 Nf6 5. Nc3 c6 6. Bxc4 b5 7. Bb3 b4 8. Na4
cxd5 9. exd5 Bb7 10. Bg5 Nbd7 11. Qe2 Qa5 12. Nf3 Ba6 13. Qe3 Bd6 14. Bxf6 Nxf6
15. Nd4 O-O 16. Nf5 Ne8 17. Rc1 Rc8 18. Kd2 g6 19. Rxc8 Bxc8 20. Nh6+ Kg7 21.
Rc1 Nf6 22. Rc6 Rd8 23. Rxc8 Rxc8 24. Nf5+ gxf5 25. Qg5+ Kf8 26. Qxf6 Qc7 27.
Qxf5 Qc1+ 28. Ke2 h6 29. Qf6 Bb8 30. d6 Rc2+ 31. Kf3 e4+ 32. Kg4 Qd1+ 33. Kh4
Bxd6 34. Qxf7# 1-0

[Event "Superettan(Alingsas-Rockaden,Umea)"]
[Site "?"]
[Date "2019.10.18"]
[Round "1"]
[White "Wengholm, Anders"]
[Black "Larsson, Johan"]
[Result "0-1"]
[WhiteElo "2218"]
[BlackElo "2184"]
[PlyCount "82"]
1. c4 e6 2. Nf3 d5 3. g3 c5 4. Bg2 Nc6 5. O-O Nf6 6. e3 dxc4 7. Qa4 Qa5 8. Qxc4
b5 9. Qe2 Bb7 10. b3 Be7 11. Bb2 O-O 12. d3 Rfd8 13. Rd1 Rd7 14. a3 Rad8 15.
Nc3 Qb6 16. Qc2 h6 17. Rac1 a6 18. Ne2 Rc8 19. h3 Na5 20. Ne5 Rdd8 21. e4 Nd7
22. Ng4 f6 23. Nf4 Nf8 24. h4 Nc6 25. Qb1 Nd4 26. Nh5 Ng6 27. Re1 Ne5 28. Nxe5
fxe5 29. Rc3 g6 30. Qd1 gxh5 31. Qxh5 Bf8 32. Bc1 Qc7 33. b4 Qf7 34. Qg4+ Kh7
35. bxc5 Bxc5 36. Be3 Rg8 37. Qd1 Bb6 38. Rxc8 Rxc8 39. Qb1 Ba5 40. Rf1 Nf3+
41. Kh1 Nd2 0-1

[Event "Superettan(Vasteras II-Orgryte)"]
[Site "?"]
[Date "2019.10.18"]
[Round "1"]
[White "Fransson, Patrick"]
[Black "Bjorkman, Filip"]
[Result "1-0"]
[WhiteElo "2125"]
[BlackElo "1996"]
[PlyCount "71"]
1. d4 d5 2. Bg5 f6 3. Bf4 c5 4. c3 Nc6 5. Nf3 g5 6. Bc1 e6 7. e3 Bd6 8. Bd3
Nge7 9. dxc5 Bxc5 10. b4 Bd6 11. b5 Ne5 12. Nxe5 Bxe5 13. Qh5+ Kd7 14. f4 gxf4
15. exf4 Bd6 16. O-O Qe8 17. Qe2 b6 18. Ba3 Bb7 19. Bxd6 Kxd6 20. Nd2 Qf7 21.
Nf3 Rhg8 22. Rae1 Rae8 23. a4 Ng6 24. Ne5 Qc7 25. Bxg6 hxg6 26. Ng4 Qxc3 27.
Kh1 Rgf8 28. Rc1 Qd4 29. a5 bxa5 30. Rcd1 Qb4 31. Qe3 Qxb5 32. Rb1 Qa6 33. Rfc1
Rc8 34. Re1 Rce8 35. Nxf6 Rd8 36. Qe5+ 1-0

[Event "Superettan(Alingsas-Rockaden,Umea)"]
[Site "?"]
[Date "2019.10.18"]
[Round "1"]
[White "Eriksson, Jorgen"]
[Black "Wallenas, Joakim"]
[Result "1-0"]
[WhiteElo "2181"]
[BlackElo "1966"]
[PlyCount "65"]
1. d4 Nf6 2. Bg5 e6 3. Nd2 c5 4. e3 Nc6 5. c3 cxd4 6. exd4 Be7 7. Ngf3 h6 8.
Bh4 O-O 9. Bd3 b6 10. O-O Bb7 11. Re1 d6 12. Bxf6 Bxf6 13. Ne4 e5 14. Nxd6 Qxd6
15. dxe5 Bxe5 16. Rxe5 Rad8 17. Re3 Ne7 18. Nd4 Nd5 19. Re1 Nf4 20. Be4 Ba6 21.
Nc6 Ne2+ 22. Kh1 Qf4 23. Qa4 Rd2 24. Rxe2 Rxe2 25. Bh7+ Kxh7 26. Qxf4 Rfe8 27.
h3 Rxb2 28. Nd4 Re7 29. a4 Bb7 30. Kh2 g6 31. Qf6 Rd7 32. Re1 Bd5 33. Re8 1-0

[Event "Superettan(Vasteras II-Orgryte)"]
[Site "?"]
[Date "2019.10.18"]
[Round "1"]
[White "Gillefalk, Bjorn"]
[Black "Eksmyr, Johan"]
[Result "1/2-1/2"]
[WhiteElo "2058"]
[BlackElo "2180"]
[PlyCount "79"]
1. e4 c6 2. Nc3 d5 3. Nf3 Bg4 4. h3 Bh5 5. exd5 cxd5 6. Bb5+ Nc6 7. g4 Bg6 8.
Ne5 Rc8 9. h4 f6 10. Nxg6 hxg6 11. d4 e6 12. Qd3 Nge7 13. Bd2 Kf7 14. Ne2 g5
15. O-O-O gxh4 16. Rh3 a6 17. Bxc6 Rxc6 18. Rdh1 Qc7 19. Rxh4 Rxh4 20. Rxh4 Ng6
21. Rh1 Bd6 22. Kb1 b5 23. Rh7 b4 24. Qh3 Rxc2 25. Rxg7+ Kxg7 26. Qh6+ Kf7 27.
Qh7+ Ke8 28. Qxg6+ Kd8 29. Qxc2 Qg7 30. f3 Qh8 31. Nc1 Qh1 32. Qc6 Ke7 33. Qb7+
Ke8 34. f4 Qe4+ 35. Ka1 Qc2 36. Be3 Qe4 37. Qc8+ Ke7 38. Qb7+ Ke8 39. Qc6+ Ke7
40. Qb7+ 1/2-1/2

[Event "Superettan(Alingsas-Rockaden,Umea)"]
[Site "?"]
[Date "2019.10.18"]
[Round "1"]
[White "Rasti, Arvin"]
[Black "Mardell, Jimmy"]
[Result "1-0"]
[WhiteElo "2182"]
[BlackElo "2147"]
[PlyCount "89"]
1. Nf3 Nf6 2. c4 c5 3. b3 d5 4. cxd5 Nxd5 5. Bb2 Nc6 6. g3 f6 7. Bg2 e5 8. d3
Be7 9. O-O O-O 10. Nc3 Be6 11. Rc1 Rc8 12. Nd2 b6 13. Nxd5 Bxd5 14. Bh3 Rc7 15.
Nc4 Nd4 16. Ne3 Ba8 17. Qd2 f5 18. Bg2 f4 19. Bxa8 Qxa8 20. Bxd4 exd4 21. Ng2
f3 22. exf3 Qxf3 23. Rce1 Bd6 24. Re6 Qd5 25. Rfe1 b5 26. Qe2 Rcf7 27. f4 Bc7
28. Nh4 Ba5 29. Qe4 Rd7 30. Rc1 Bb6 31. Nf3 Qxe4 32. Rxe4 Rdd8 33. Ne5 Rfe8 34.
Kg2 Rd5 35. Kf3 g5 36. a4 a6 37. Ng4 Rxe4 38. Kxe4 Rd8 39. fxg5 Kg7 40. h4 Rd7
41. h5 Ba7 42. h6+ Kf8 43. Nf6 Re7+ 44. Kf5 Rc7 45. g6 1-0

[Event "Superettan(Schack 08-Kungstornet)"]
[Site "?"]
[Date "2019.10.18"]
[Round "1"]
[White "Lyrberg, Patrik"]
[Black "Laveryd, Peter"]
[Result "1-0"]
[WhiteElo "2460"]
[BlackElo "2367"]
[PlyCount "89"]
1. c4 b6 2. d4 e6 3. e4 Bb7 4. Bd3 Bb4+ 5. Kf1 Be7 6. Nc3 d6 7. h4 e5 8. Nf3
Nd7 9. d5 Ngf6 10. Be2 Bc8 11. Be3 Ng4 12. Bd2 a5 13. Ne1 Ngf6 14. Nd3 Nc5 15.
Nxc5 dxc5 16. g3 O-O 17. Kg2 Ne8 18. f4 Bf6 19. Bd3 Nd6 20. f5 g6 21. Qf3 gxf5
22. exf5 e4 23. Nxe4 Bxf5 24. Nxf6+ Qxf6 25. Bc3 Qg6 26. h5 Qg4 27. Qxg4+ Bxg4
28. Rae1 Rfe8 29. Be5 Rad8 30. h6 f5 31. b3 Kf7 32. Rhf1 Kg6 33. Bf4 Rxe1 34.
Rxe1 Re8 35. Rxe8 Nxe8 36. Kf2 Kf6 37. Ke3 Kg6 38. Bc2 Kf6 39. a3 Nd6 40. Kd3
Bh3 41. Kc3 Bf1 42. g4 fxg4 43. Bxh7 g3 44. Bxg3 Kg5 45. Bf4+ 1-0

[Event "Superettan(Kristallen-Kamraterna)"]
[Site "?"]
[Date "2019.10.18"]
[Round "1"]
[White "Aberg, Anton"]
[Black "Andersson, Goran L"]
[Result "1/2-1/2"]
[WhiteElo "2352"]
[BlackElo "2275"]
[PlyCount "125"]
[SourceDate "2019.10.28"]
1. d4 e6 2. Nf3 Nf6 3. g3 b5 4. Bg2 Bb7 5. O-O Be7 6. a4 b4 7. a5 c5 8. dxc5
Na6 9. c3 Bxc5 10. Ne5 Bxg2 11. Kxg2 Qc7 12. Nd3 Be7 13. cxb4 Nxb4 14. Nxb4
Bxb4 15. Qd3 Bxa5 16. Na3 O-O 17. Nc4 Bb4 18. Bf4 Qc6+ 19. f3 Nd5 20. Bc1 Qb5
21. Ne5 Qxd3 22. Nxd3 Be7 23. Bd2 Rfb8 24. Ra6 Bf6 25. e4 Nc7 26. Rd6 Nb5 27.
Ra6 Rc8 28. Be3 d5 29. exd5 exd5 30. Rf2 Re8 31. Bc5 Re6 32. Ra5 a6 33. Nf4 Rc6
34. b4 Rd8 35. Rfa2 Nc7 36. Nd3 h5 37. h4 g6 38. Kf2 Re8 39. Re2 Rxe2+ 40. Kxe2
Re6+ 41. Kd2 g5 42. Be3 gxh4 43. gxh4 Bxh4 44. Rc5 Bg3 45. Bf4 Bxf4+ 46. Nxf4
Rf6 47. Nxh5 Rf5 48. Rxc7 Rxh5 49. Rc6 Rh4 50. Kc3 Rf4 51. Rxa6 Rxf3+ 52. Kd4
Rf4+ 53. Kc5 Rc4+ 54. Kb5 Kg7 55. Rd6 Rd4 56. Kc5 Rc4+ 57. Kb5 Rd4 58. Ka5 Kf8
59. b5 Ke7 60. Rc6 Rc4 61. Rxc4 dxc4 62. Kb4 Kd6 63. Kxc4 1/2-1/2

[Event "Superettan(Upsala-Rockaden,Sthlm II)"]
[Site "?"]
[Date "2019.10.18"]
[Round "1"]
[White "Berovski, Krum"]
[Black "Burwick, Malte"]
[Result "1-0"]
[WhiteElo "2349"]
[BlackElo "2256"]
[PlyCount "103"]
[SourceDate "2019.10.30"]
1. d4 Nf6 2. c4 e6 3. Nc3 Bb4 4. e3 Bxc3+ 5. bxc3 b6 6. Bd3 Bb7 7. f3 d6 8. Ne2
e5 9. e4 Nc6 10. O-O Qe7 11. Be3 Nd7 12. Kh1 Na5 13. Ng3 g6 14. f4 O-O-O 15. c5
f6 16. cxb6 cxb6 17. fxe5 dxe5 18. Qe2 Kb8 19. h3 Ka8 20. Bb5 h5 21. h4 Rhf8
22. Qf2 Rc8 23. Bxd7 Qxd7 24. dxe5 Qg4 25. exf6 Qxh4+ 26. Kg1 Rxf6 27. Qxf6
Qxg3 28. Qf4 Qxf4 29. Rxf4 g5 30. Rf7 Bxe4 31. Bd4 Nc6 32. Bf6 g4 33. Kh2 Bd5
34. Rh7 Rf8 35. Rxh5 Bxg2 36. Kxg2 Rxf6 37. Rf1 Rxf1 38. Kxf1 Kb7 39. Ke2 Ka6
40. Rg5 Na5 41. Rxg4 Kb5 42. Kd3 Nb7 43. Kd4 Ka6 44. Kd5 Na5 45. Ra4 Kb5 46.
Rb4+ Ka6 47. c4 Kb7 48. c5 Nc6 49. Rb1 Na5 50. Rh1 bxc5 51. Kxc5 Ka6 52. Rh6+
1-0

[Event "Superettan(Schack 08-Kungstornet)"]
[Site "?"]
[Date "2019.10.18"]
[Round "1"]
[White "Karlsson, Tomas"]
[Black "Backlund, Anders"]
[Result "1-0"]
[WhiteElo "2303"]
[BlackElo "2293"]
[PlyCount "99"]
1. e4 e6 2. d4 d5 3. Nc3 Bb4 4. e5 c5 5. a3 Bxc3+ 6. bxc3 Ne7 7. Qg4 O-O 8. Bd3
f5 9. exf6 Rxf6 10. Qh5 g6 11. Qd1 Nbc6 12. Bg5 Rf7 13. Nf3 Qc7 14. O-O c4 15.
Be2 Nf5 16. Bd2 Bd7 17. Ng5 Rf6 18. f4 Nd6 19. Bf3 Raf8 20. Qe2 b5 21. g3 a5
22. Bg2 b4 23. cxb4 Nxd4 24. Qf2 Nc6 25. c3 h6 26. Nf3 Ne4 27. Qe3 Nxd2 28.
Nxd2 Qa7 29. Qxa7 Nxa7 30. Nf3 Ba4 31. Ne5 Kg7 32. Rfe1 Re8 33. Re3 Re7 34.
Rae1 h5 35. Nf3 Nb5 36. bxa5 Bc2 37. Ng5 Bf5 38. Bxd5 Nxa3 39. Nxe6+ Kh8 40.
Nd4 Rxe3 41. Rxe3 Bd7 42. Bb7 Nb5 43. a6 Na7 44. Re7 Rd6 45. Re5 Kg7 46. Rd5
Rxd5 47. Bxd5 Bc8 48. Bxc4 Kf6 49. h4 Ke7 50. Bd3 1-0

[Event "Superettan(Kristallen-Kamraterna)"]
[Site "?"]
[Date "2019.10.18"]
[Round "1"]
[White "Lindh, Fredrik"]
[Black "Hamark, Jesper"]
[Result "1/2-1/2"]
[WhiteElo "2259"]
[BlackElo "2361"]
[PlyCount "143"]
1. e4 c5 2. Nf3 g6 3. c4 Bg7 4. d4 cxd4 5. Nxd4 Nc6 6. Nc2 e6 7. Nc3 Nge7 8.
Be2 O-O 9. O-O f5 10. exf5 Nxf5 11. Ne3 Nfd4 12. Bd2 b6 13. Bd3 Bb7 14. Be4 Qb8
15. Nc2 Nf5 16. Qe2 Nd6 17. Rad1 Ne5 18. Bxb7 Qxb7 19. b3 Rf7 20. Be1 Qc7 21.
Nd4 a6 22. f4 Nc6 23. Nxc6 Qxc6 24. Qd3 Nb7 25. Ne4 Nc5 26. Nxc5 bxc5 27. Bc3
Bxc3 28. Qxc3 Rd8 29. Qe5 d5 30. Rfe1 Rd6 31. cxd5 exd5 32. Rc1 Rf5 33. Qc3 d4
34. Qc4+ Qd5 35. Re8+ Kf7 36. Qe2 Re6 37. Rxe6 Qxe6 38. Qf3 Qd5 39. Qxd5+ Rxd5
40. Kf2 Rf5 41. Kf3 g5 42. g3 gxf4 43. g4 Re5 44. Kxf4 Re2 45. Rxc5 Rxa2 46.
Rc7+ Kg8 47. h4 Rb2 48. Rd7 Rxb3 49. Rxd4 Rb5 50. Rd8+ Kg7 51. Rd7+ Kg8 52. h5
h6 53. Rd6 Kg7 54. Rg6+ Kh7 55. Rxa6 Rb4+ 56. Kf5 Rb5+ 57. Ke4 Rb4+ 58. Kf3
Rb3+ 59. Ke2 Rc3 60. Ra7+ Kg8 61. Re7 Rg3 62. Re4 Kg7 63. Kf2 Ra3 64. Re3 Ra4
65. Kf3 Kf6 66. Re4 Ra1 67. Rc4 Rf1+ 68. Kg3 Ra1 69. Rc6+ Kg7 70. Rc7+ Kg8 71.
Re7 Rg1+ 72. Kf3 1/2-1/2

[Event "Superettan(Upsala-Rockaden,Sthlm II)"]
[Site "?"]
[Date "2019.10.18"]
[Round "1"]
[White "Nilsson, Joakim"]
[Black "Kenneskog, Theodor"]
[Result "1/2-1/2"]
[WhiteElo "2305"]
[BlackElo "2278"]
[PlyCount "44"]
1. d4 Nf6 2. Nf3 g6 3. Bg5 Bg7 4. c3 O-O 5. Nbd2 d6 6. e4 c5 7. dxc5 dxc5 8.
Be2 Nc6 9. O-O Qc7 10. Qc2 b6 11. Rfe1 h6 12. Bh4 Nh5 13. Bf1 Bb7 14. Nc4 g5
15. Bg3 Nxg3 16. hxg3 Rfd8 17. a4 Rab8 18. Qe2 Rd7 19. Rad1 Rbd8 20. Rxd7 Rxd7
21. Rd1 Rxd1 22. Qxd1 Qd8 1/2-1/2

[Event "Superettan(Schack 08-Kungstornet)"]
[Site "?"]
[Date "2019.10.18"]
[Round "1"]
[White "von Bahr, Oskar"]
[Black "Nyander, Joakim"]
[Result "0-1"]
[WhiteElo "2395"]
[BlackElo "2278"]
[PlyCount "92"]
1. c4 c5 2. g3 Nf6 3. Bg2 e6 4. Nf3 Be7 5. O-O a6 6. Nc3 Qc7 7. d4 cxd4 8. Qxd4
d6 9. b3 O-O 10. Bb2 Rd8 11. Rac1 b6 12. e4 Nbd7 13. Qe3 Bb7 14. Nd4 Rac8 15.
Kh1 Bf8 16. f4 Qb8 17. f5 e5 18. Nc2 b5 19. cxb5 axb5 20. Nb4 Qa8 21. Ncd5 Rxc1
22. Rxc1 Rc8 23. a3 Rc5 24. Bf3 Qc8 25. Nxf6+ Nxf6 26. Nd5 Nxd5 27. exd5 Rxc1+
28. Bxc1 Qxf5 29. Kg2 Qc2+ 30. Bd2 f5 31. g4 e4 32. Be2 f4 33. Qxf4 Qxb3 34.
Bb4 Qxd5 35. Kg3 h6 36. Qf5 Qxf5 37. gxf5 Bc6 38. Kf4 Kf7 39. Bd1 Be7 40. Bb3+
Ke8 41. Be6 Bg5+ 42. Kg4 Ke7 43. Kh5 Bd7 44. h4 Bf6 45. Bd5 Bxf5 46. Bc6 Bd4
0-1

[Event "Superettan(Kristallen-Kamraterna)"]
[Site "?"]
[Date "2019.10.18"]
[Round "1"]
[White "Svensson, Bengt"]
[Black "Walinder, Lars"]
[Result "1/2-1/2"]
[WhiteElo "2310"]
[BlackElo "2293"]
[PlyCount "43"]
1. e4 e6 2. d4 d5 3. Nc3 Nf6 4. Bg5 dxe4 5. Nxe4 Nbd7 6. Nf3 h6 7. Nxf6+ Nxf6
8. Bh4 c5 9. Bb5+ Bd7 10. Bxd7+ Qxd7 11. Bxf6 gxf6 12. dxc5 Qxd1+ 13. Rxd1 Bxc5
14. Ke2 Rg8 15. g3 Ke7 16. Rd3 Rgd8 17. Rhd1 Rac8 18. Rxd8 Rxd8 19. Rxd8 Kxd8
20. Ne1 Kd7 21. Nd3 Bd4 22. c3 1/2-1/2

[Event "Superettan(Upsala-Rockaden,Sthlm II)"]
[Site "?"]
[Date "2019.10.18"]
[Round "1"]
[White "Engqvist, Thomas"]
[Black "Malm Lindberg, Henrik"]
[Result "1/2-1/2"]
[WhiteElo "2325"]
[BlackElo "2194"]
[PlyCount "119"]
1. c4 Nf6 2. Nc3 c5 3. g3 e6 4. Nf3 b6 5. Bg2 Bb7 6. O-O a6 7. b3 Be7 8. d4
cxd4 9. Qxd4 O-O 10. Rd1 Ne8 11. Bb2 d6 12. Qd3 Qc7 13. Nd4 Nd7 14. Bxb7 Qxb7
15. Qf3 Qxf3 16. exf3 Rc8 17. f4 g6 18. Na4 Nef6 19. Ba3 Rc7 20. Rac1 Rb8 21.
f3 Bf8 22. Kf2 Rbc8 23. Ne2 d5 24. Bxf8 Kxf8 25. Nb2 Ke7 26. g4 dxc4 27. Rxc4
b5 28. Rxc7 Rxc7 29. Nd4 Nb6 30. Nd3 Nbd5 31. Rd2 Nd7 32. Ne2 N7b6 33. Ng3 Rc8
34. Ne4 Rc7 35. Kg3 h6 36. h4 Ne3 37. Re2 Nbd5 38. Nec5 a5 39. a4 bxa4 40. bxa4
Rc6 41. Rb2 Rb6 42. Nb7 Nc4 43. Rxb6 Ndxb6 44. Ne5 h5 45. Nc6+ Kf6 46. Nc5 Nd5
47. Nd7+ Kg7 48. Nde5 Nxe5 49. fxe5 hxg4 50. Nxa5 Nc3 51. fxg4 Nxa4 52. Nc6 Nc5
53. Kf4 Nd3+ 54. Ke3 Ne1 55. Kf4 Nd3+ 56. Ke4 Nf2+ 57. Kf3 Nd3 58. Kg3 Kh7 59.
Nd8 Kg7 60. Nc6 1/2-1/2

[Event "Superettan(Schack 08-Kungstornet)"]
[Site "?"]
[Date "2019.10.18"]
[Round "1"]
[White "Ingbrant, Johan"]
[Black "Andersson, Fredrik"]
[Result "1/2-1/2"]
[WhiteElo "2355"]
[BlackElo "2264"]
[PlyCount "48"]
1. Nf3 Nf6 2. c4 g6 3. b3 Bg7 4. Bb2 O-O 5. g3 c5 6. Bg2 Nc6 7. O-O d6 8. d4
cxd4 9. Nxd4 Bd7 10. Nc3 Rc8 11. e3 a6 12. Qe2 Re8 13. Rfd1 Bg4 14. f3 Bd7 15.
Nxc6 Bxc6 16. Nd5 Nxd5 17. cxd5 Bb5 18. Qd2 Bxb2 19. Qxb2 Qb6 20. Rd4 Bd7 21.
Rc1 Rc5 22. Qd2 Rec8 23. Rxc5 Rxc5 24. Bf1 Qc7 1/2-1/2

[Event "Superettan(Kristallen-Kamraterna)"]
[Site "?"]
[Date "2019.10.18"]
[Round "1"]
[White "Subramanian, Aditya"]
[Black "Svenn, Gosta"]
[Result "0-1"]
[WhiteElo "2179"]
[BlackElo "2285"]
[PlyCount "66"]
1. Nf3 f5 2. d3 Nf6 3. Nc3 d6 4. e4 e5 5. g3 Be7 6. Nh4 fxe4 7. dxe4 Bg4 8. Be2
Be6 9. Bg5 Qd7 10. Qd3 Nc6 11. a3 O-O-O 12. O-O-O Ng4 13. Be3 Nxe3 14. fxe3
Bxh4 15. gxh4 Rdf8 16. Rdg1 Rf2 17. Rg3 Rhf8 18. h3 Nd8 19. Bg4 Bxg4 20. hxg4
Ne6 21. Qc4 Qf7 22. Nd1 Nc5 23. Qd5 c6 24. Qxf7 R2xf7 25. Nc3 Rf1+ 26. Rxf1
Rxf1+ 27. Kd2 Kd7 28. Rg2 Ke7 29. Ke2 Rh1 30. h5 Ne6 31. Nd1 Ng5 32. Nf2 Rb1
33. b3 b5 0-1

[Event "Superettan(Upsala-Rockaden,Sthlm II)"]
[Site "?"]
[Date "2019.10.18"]
[Round "1"]
[White "Johansson, Carl Fredrik"]
[Black "Zadruzny, Nicolaj"]
[Result "1/2-1/2"]
[WhiteElo "2222"]
[BlackElo "2278"]
[PlyCount "187"]
1. d4 Nf6 2. c4 e6 3. Nc3 d5 4. cxd5 exd5 5. Bg5 c6 6. e3 Bf5 7. Qf3 Bg6 8.
Bxf6 Qxf6 9. Qxf6 gxf6 10. Nf3 Be7 11. Ne2 Nd7 12. Ng3 f5 13. O-O-O Nf6 14. Ne5
Ne4 15. Nd3 Bf6 16. Ne2 Ke7 17. h4 h6 18. f3 Nd6 19. Nef4 Rhg8 20. Ne5 Bh7 21.
Bd3 Bh8 22. Be2 Rae8 23. b3 Kd8 24. Kd2 Bxe5 25. dxe5 Rxe5 26. Bd3 f6 27. Bc2
Bg6 28. Ke2 Bf7 29. Kf2 Kc7 30. Rd4 c5 31. Ra4 Rge8 32. Rd1 Rxe3 33. Rxd5 R3e5
34. Rd2 a6 35. Ne2 Rd5 36. Rxd5 Bxd5 37. Rf4 Re5 38. Ng3 Be6 39. Nh5 Ne8 40.
Bd3 b5 41. Ng3 Nd6 42. Nh5 c4 43. Bc2 Ne8 44. Rd4 Rd5 45. Nf4 Re5 46. Nxe6+
Rxe6 47. bxc4 Rc6 48. Bb3 b4 49. Ba4 Rd6 50. Ke3 Ng7 51. c5 Rxd4 52. Kxd4 Ne6+
53. Kc4 Nf4 54. g3 Ne2 55. Kxb4 Nxg3 56. Kc4 f4 57. Bc2 Kc6 58. Bg6 Nf1 59.
Be4+ Kd7 60. Kd4 Ne3 61. Bd3 a5 62. Bb5+ Ke6 63. h5 Nf5+ 64. Ke4 Ng3+ 65. Kxf4
Nxh5+ 66. Kg4 Ng7 67. Bc4+ Ke5 68. Bf7 f5+ 69. Kh4 f4 70. c6 Kd6 71. Kg4 Kxc6
72. Kxf4 Kd6 73. Ke4 Ke7 74. Bc4 Kf6 75. f4 Nf5 76. Kf3 Nh4+ 77. Ke4 Ng6 78.
Be2 Ne7 79. Bg4 Nc6 80. Bd7 Ne7 81. a4 h5 82. Kf3 Nd5 83. Bc6 Ne7 84. Be4 Nf5
85. Bd3 Nd4+ 86. Kg3 Nf5+ 87. Kh3 Nd4 88. Kg3 Nf5+ 89. Kf3 Nd4+ 90. Ke4 Ne6 91.
Bb5 h4 92. Kf3 h3 93. Kg3 h2 94. Kxh2 1/2-1/2